Statistiche per Lingue del mondo

Clicka qui per fare il quiz!

Statistiche generali

  • Questo quiz è stato fatto 1.770 volte
  • Il punteggio medio è 19 su 58

Statistiche sulle risposte

#Lingua% Corretto
360Inglese
99%
59Italiano
98%
405Spagnolo
96%
75Francese
96%
155Russo
92%
215Portoghese
91%
89Tedesco
91%
295Arabo
87%
125Giapponese
87%
955Mandarino
85%
63Turco
61%
76Coreano
59%
40Polacco
59%
21Olandese
57%
24Rumeno
55%
19Serbo-Croato
54%
310Hindi
54%
56Thailandese
48%
30Ucraino
46%
77Malese/Indonesiano
46%
76Vietnamita
38%
59Cantonese
36%
28Tagalog
36%
45Persiano
31%
205Bengalese
30%
66Urdu
27%
70Tamil
19%
39Pashto
17%
33Birmano
15%
102Punjabi
14%
26Uzbeco
13%
21Curdo
12%
47Min Nan
12%
23Azero
11%
80Wu
10%
25Amarico
10%
76Telugu
9%
82Giavanese
7%
49Gujarati
7%
38Kannada
6%
73Marathi
6%
28Yoruba
6%
24Igbo
6%
38Malayalam
6%
33Oriya
5%
31Hakka
5%
34Hausa
5%
38Xiang
4%
25Fula
4%
26Sindhi
4%
24Oromo
4%
38Sundanese
4%
22Gan
4%
21Cebuano
4%
27Maithili
3%
29Bhojpuri
3%
22Awadhi
2%
48Jin
2%

Distribuzione punteggi

Percentile per numero di risposta

Percentuale di utenti per punteggio

I tuoi punteggi nel tempo

Non hai fatto questo quiz